The cottage
Saved in:
| Main Author: | |
|---|---|
| Format: | Book |
| Language: | Undetermined |
| Published: |
New York
Random House Audio
2002
|
| Subjects: | |
| Tags: |
Add Tag
No Tags, Be the first to tag this record!
|
| Institutions: | Trung tâm Học liệu Trường Đại học Cần Thơ |
|---|
| LEADER | 00530nam a2200193Ia 4500 | ||
|---|---|---|---|
| 001 | CTU_139593 | ||
| 008 | 210402s9999 xx 000 0 und d | ||
| 020 | |c 6.39 | ||
| 082 | |a 813.54 | ||
| 082 | |b S813/CD.1-5 | ||
| 100 | |a Steel, Danielle | ||
| 245 | 4 | |a The cottage | |
| 245 | 0 | |c Danielle Steel | |
| 260 | |a New York | ||
| 260 | |b Random House Audio | ||
| 260 | |c 2002 | ||
| 650 | |a Motion picture industry,Kinh doanh phim điện ảnh | ||
| 904 | |i Duy Bằng | ||
| 980 | |a Trung tâm Học liệu Trường Đại học Cần Thơ | ||